UBT Library

INTERNATIONAL ENCYCLOPEDIA OF THE SOCIAL SCIENCES (Record no. 59418)

000 -LEADER
fixed length control field 00360nam a22001457a 4500
008 - FIXED-LENGTH DATA ELEMENTS--GENERAL INFORMATION
fixed length control field 230321b ||||| |||| 00| 0 eng d
020 ## - INTERNATIONAL STANDARD BOOK NUMBER
International Standard Book Number 9780028659695
041 ## - LANGUAGE CODE
Language code of text/sound track or separate title eng
080 ## - UNIVERSAL DECIMAL CLASSIFICATION NUMBER
Edition identifier 9780028659695
Universal Decimal Classification number 030
082 ## - DEWEY DECIMAL CLASSIFICATION NUMBER
Classification number 030DAR
100 ## - Rafti
Rafti 42
101 ## - Shkurtesa
Shkurtesa ENCIKO
245 ## - TITLE STATEMENT
Title INTERNATIONAL ENCYCLOPEDIA OF THE SOCIAL SCIENCES
Statement of responsibility, etc DARITY A.W
942 ## - ADDED ENTRY ELEMENTS (KOHA)
Source of classification or shelving scheme
Item type Books
Holdings
Withdrawn status Lost status Source of classification or shelving scheme Damaged status Not for loan Collection code Permanent location Current location Date acquired Total Checkouts Full call number Barcode Date last seen Price effective from Koha item type
          Koleksioni i përgjithshem UBT - Lipjan UBT - Lipjan 03/21/2023   030DAR 002-8002034 03/21/2023 03/21/2023 Books
          Koleksioni i përgjithshem UBT - Lipjan UBT - Lipjan 03/21/2023   030DAR 002-8002035 03/21/2023 03/21/2023 Books
          Koleksioni i përgjithshem UBT - Lipjan UBT - Lipjan 03/21/2023   030DAR 002-8002036 03/21/2023 03/21/2023 Books
          Koleksioni i përgjithshem UBT - Lipjan UBT - Lipjan 03/21/2023   030DAR 002-8002037 03/21/2023 03/21/2023 Books
          Koleksioni i përgjithshem UBT - Lipjan UBT - Lipjan 03/21/2023   030DAR 002-8002038 03/21/2023 03/21/2023 Books
          Koleksioni i përgjithshem UBT - Lipjan UBT - Lipjan 03/21/2023   030DAR 002-8002039 03/21/2023 03/21/2023 Books
UBT Library © 2015-2024. All rights reserved University Education for Business and Technology